000
00376nam a2200145Ia 4500
008
100122s9999 xx 000 0 und d
082
_b
27232
_a
823
100
_a
वाड विजया
245
_a
अशरण
260
_b
हेमचंद्र प्रकाशन
_c
1979
300
_a
162
630
_a
अशरण
730
_a
अशरण
942
_c
BOOK
999
_c
413330
_d
413327